| 000 | 01028cam a2200301 a 4500 | ||
|---|---|---|---|
| 001 | 549972 | ||
| 003 | ARRUPE | ||
| 005 | 20161129114346.0 | ||
| 008 | 881103s1990 enka b 011 0 eng | ||
| 010 | _a 88037458 | ||
| 020 | _a0521326087 | ||
| 020 | _a0521339154 (pbk.) | ||
| 040 |
_aDLC _cDLC _dDLC |
||
| 050 | 0 | 0 | _aPN2039.B9 1989 |
| 082 | 0 | 0 |
_a306/.484 _219 |
| 100 |
_aSchechner, Richard _923176 |
||
| 245 | 0 | 0 |
_aBy means of performance : _bintercultural studies of theatre and ritual / _cedited by Richard Schechner and Willa Appel. |
| 260 |
_aNew York : _bCambridge University Press, _c1989. |
||
| 300 |
_axv, 298 p.; _bill. ; _c23 cm. |
||
| 600 | 1 | 0 |
_aTurner, Victor W. _q(Victor Witter), _d1920-1983. _927686 |
| 650 | 0 |
_aTheater and society. _923434 |
|
| 650 | 0 |
_aPerforming arts _xPhilosophy. _927687 |
|
| 650 | 0 |
_aRites and ceremonies. _91907 |
|
| 700 | 1 |
_aSchechner, Richard, _d1934- _927688 |
|
| 700 | 1 |
_aAppel, Willa. _927689 |
|
| 906 |
_a7 _bcbc _corignew _d1 _eocip _f19 _gy-gencatlg |
||
| 942 |
_2lcc _cMONOGRAPH |
||
| 999 |
_c125806 _d125806 |
||